000 00494nam a2200205Ia 4500
005 20240520032844.0
008 240331s9999 xx 000 0 und d
020 _a0313225435
082 _bEUR
_a335
245 0 _aEuropean women on the left
260 _aAmerica
_bGreenwood press
_c1981
300 _avi, 245 p .,
650 _aSocialism
650 _aWomen
650 _aPolitical
650 _aFeminism
700 _aSlaugbter, Jane
_eedt
700 _aKern, Robert
_eedt
942 _cL
999 _c4567
_d4567